|
|
|
|
| LEADER |
01548nam a2200373 a 4500 |
| 001 |
000158738 |
| 003 |
CZ BrMZK |
| 005 |
20210407063135.0 |
| 007 |
ta |
| 008 |
960815s1997 xr e f cze d |
| 015 |
|
|
|a cnb000213568
|
| 020 |
|
|
|a 80-85993-24-4
|
| 035 |
|
|
|a (OCoLC)38152441
|
| 040 |
|
|
|a BOA001
|b cze
|
| 072 |
|
7 |
|a 22/24
|x Náboženství Dálného východu. Indická náboženství. Hinduismus. Buddhismus
|2 Konspekt
|9 5
|
| 080 |
|
|
|a 24-583-584.7
|2 MRF
|
| 080 |
|
|
|a 165.322
|2 MRF
|
| 080 |
|
|
|a 24
|2 MRF
|
| 080 |
|
|
|a (035)
|2 MRF
|
| 100 |
1 |
|
|a Sayadó, Mahási,
|d 1904-1982
|7 jn20000701572
|4 aut
|
| 245 |
1 |
0 |
|a Pokrok v pěstování vhledu.
|b Rathaviníta-sutta : moderní pojednání o buddhistické satipatthána meditaci /
|c Mahási Sayadó U Sóbhana Mahathéra z Barmy.
|
| 260 |
|
|
|a Praha :
|b Alternativa,
|c c1997
|
| 300 |
|
|
|a 100 s. ;
|c 19 cm
|
| 500 |
|
|
|a Překl. z angl.
|
| 500 |
|
|
|a Dostupné též v digitální podobě v aplikaci Kramerius
|
| 650 |
0 |
7 |
|a vipašjaná
|7 ph122732
|2 czenas
|
| 650 |
0 |
7 |
|a duchovní poznání
|7 ph119632
|2 czenas
|
| 650 |
0 |
7 |
|a buddhismus
|7 ph114205
|2 czenas
|
| 655 |
|
7 |
|a příručky
|7 fd133209
|2 czenas
|
| 856 |
4 |
1 |
|u http://www.digitalniknihovna.cz/mzk/uuid/uuid:1de798b0-dc6b-11ea-87fa-005056827e52
|y Digitalizovaný dokument
|x NDK
|
| 910 |
|
|
|a BOA001
|b 1-1031.481
|
| 990 |
|
|
|a BK
|
| 996 |
7 |
|
|b 2610050231
|c 1-1031.481
|l MZK
|r Sklad / do 1 hodiny
|n 25
|p kup
|w 000158738
|u 000010
|a 1
|e BOA001
|j MZK50
|s A
|
| 996 |
6 |
|
|b 2610051224
|c 1-1031.481
|l MZK
|r Sklad / do 1 hodiny
|n 2
|p p.v.
|w 000158738
|u 000020
|a 1
|e BOA001
|j MZK50
|s P
|